| 000 | 00914nam a22002297a 4500 | ||
|---|---|---|---|
| 005 | 20250708105239.0 | ||
| 010 | _aHIN-1299108-911 | ||
| 020 |
_c1195.00 _a9789395368032 |
||
| 020 |
_c395.00 _a9789395368025 |
||
| 035 | _aHN-102256 | ||
| 035 | _aHN-102257 | ||
| 037 | _bDBAD | ||
| 082 | _a305.309 | ||
| 100 |
_aपाठक सुमेधा _982744 |
||
| 245 |
_aलिंग , विद्यालय और समाज / _cसुमेधा पाठक |
||
| 260 |
_aहैदराबाद _bनीलकमल पब्लिकेशन _c2023 |
||
| 270 |
_aसुल्तान बाज़ार , कोती ,हैदराबाद _bहैदराबाद _e500001 |
||
| 300 |
_a266 पृ.; _c24.1 से.मी. (सजिल्द) |
||
| 300 |
_a266पृ.; _c23.9 (अजिल्द) |
||
| 710 | _959840 | ||
| 942 |
_2ddc _cHN _h305.309 _mपाठक |
||
| 999 |
_c212210 _d212210 |
||